Vyhláška ministerstva spravodlivosti Slovenskej republiky z 28. januára 1993 o odmenách a náhradách notárov. Sadzobník pre výpočet odmeny notára za notársku činnosť.

Odmena notára za notársku činnosť, poskytovanie právnych rád, vykonávanie správy majetku a spisovanie iných listín. Sadzobník pre výpočet odmeny.

Na minha lista:
Detalhes bibliográficos
Formato: Capítulo de Livro
Idioma:eslovaco
Assuntos:
Tags: Adicionar Tag
Sem tags, seja o primeiro a adicionar uma tag!

MARC

LEADER 00000naa a2200000 4500
001 r011919
005 20220826094419.0
041 0 |a slo 
044 |a SK 
245 1 0 |a Vyhláška ministerstva spravodlivosti Slovenskej republiky z 28. januára 1993 o odmenách a náhradách notárov. Sadzobník pre výpočet odmeny notára za notársku činnosť. 
520 |a Odmena notára za notársku činnosť, poskytovanie právnych rád, vykonávanie správy majetku a spisovanie iných listín. Sadzobník pre výpočet odmeny. 
610 2 0 |a notárstvo 
610 2 0 |a odmeny 
610 2 0 |a vyhlášky 
610 2 0 |a Slovensko 
610 2 0 |a 1993